LEADER 01281nam a2200253 i 4500 001 000000152728 003 CaOOAMICUS 005 20060829000000.0 008 060829s1976 it u000 u ita u 013 $a130069 040 $aSeMil$bita 100 1 $aAntonetti, Nicola,$d<1945- >.$0(OLS)http://semarc/name/4696 245 12$aL'ideologia della sinistra cristiana :$bi cattolici tra Chiesa e comunismo (1937-1945) /$cNicola Antonetti. 260 $aMilano :$bFranco Angeli,$c1976. 300 $a112 p. ;$c22 cm. 490 0 $aCollana dell'Istituto di sociologia dell'Università di Parma. Sez. Politica e società ;$v1 500 $aContiene : Nota bibliografica. 650 4$aPartito della sinistra cristiana <1939-1945> - Storia.$0(OLS)http://semarc/subject/29591 830 0$aCollana dell'Istituto di sociologia dell'Università di Parma. Sez. Politica e società ;$v1.$0(OLS)http://semarc/title/13729 850 $aSeMil 852 $aSeMil$W1$xVenegono$y1$m3N III 506$j241888$B104674$CSeMilBibl$Z2$F116499 $81 961 $aOmaggio: Gualerni don Gualberto 996 $6245$aL'ideologia della sinistra cristiana :$bi cattolici tra Chiesa e comunismo (1937-1945)$9(OLS)http://semarc/title/223302 996 $6260$aMilano :$bFranco Angeli$9(OLS)http://semarc/publisher/30369 LEADER 01061nam a2200241 i 4500 001 000000231946 003 CaOOAMICUS 005 20181022173416.0 008 140814s1961 fr u000 u fre u 013 $a210849 040 $aSeMil$bita 245 10$aA la rencontre de Dieu :$bmemorial Albert Gelin. 260 $aLe Puy :$bX. Mappus,$c1961. 300 $a445 p. ;$c25 cm. 490 0 $aBibliotheque de la Faculte Catholique de Theologie de Lyon [Xavier Mappus] ;$v8 650 4$aBibbia - Commentari, studi, critica, interpretazioni.$0(OLS)http://semarc/subject/783 700 1 $aGelin, Albert,$c.$0(OLS)http://semarc/name/30404 830 0$aBibliothèque de la Faculté catholique de théologie de Lyon ;$v8.$0(OLS)http://semarc/title/419411 850 $aSeMil 852 $aSeMil$W1$xVenegono$y1$m2Z III 35$j182292$B182292$CSeMilBibl$Z2$F193316 $81 996 $6245$aA la rencontre de Dieu :$bmemorial Albert Gelin$9(OLS)http://semarc/title/331033 996 $6260$aLe Puy :$bX. Mappus$9(OLS)http://semarc/publisher/40641